| 000 | 00774nam a22002057a 4500 | ||
|---|---|---|---|
| 005 | 20180717160732.0 | ||
| 010 | _aENG-123489 | ||
| 020 |
_a9789385926655 _c400.00 |
||
| 035 | _aEN-107021 | ||
| 037 | _bDBAD/PUB. | ||
| 082 | _a547.7 | ||
| 245 |
_aProceedings of national seminar on Adancsed polymers - a gateway to research & industries (APGRI-2016) / (Nabinat-2011) : _ced. by K.D. Lakshmi; L. Inbathamizh [and] S.P. Radhika _b22nd & 23rd September 2016 / |
||
| 260 |
_aNew Delhi _bAllied Publishers Private _c2017 |
||
| 270 |
_a1/13-14 Asaf Ali Road , _bNew Delhi _e110002 |
||
| 300 |
_axvii,60p. _c24cm(Hb) _bill. |
||
| 500 | _aIt include author index | ||
| 700 | _a Inbathamizh L. | ||
| 700 | _a Radhika S.P. | ||
| 942 |
_2ddc _cEN _h547.7 _mPRO |
||
| 999 |
_c154208 _d154208 |
||